000 00625nam a22002417a 4500
001 59396
003 UA-OsUOA
005 20211024161344.0
007 ta
008 20090324b un ||||| |||| 00| 0 ukr d
020 _a5-8199-0013-8
040 _aUA-OsUOA
_brus
_cUA-OsUOA
_dUA-OsUOA
041 _arus
080 _a94(470+571)
090 _a94(470+571)
_bП34
100 _aПискотин М. И.
245 _aРоссия в ХХ веке: неоконченная трагедия
260 _aМ.
_bФорум
_c2001
300 _a448 с.
650 7 _a94 Історія
_2UDC
942 _cBK
_2udc
955 _a2
999 _c345478
_d345478